000 00806nam a22002177a 4500
003 UA-OsUOA
001 73901
007 ta
008 20110321b un ||||| |||| 00| 0 ukr d
100 _aГолощапова В.
090 _a81
_bГ61
942 _cSA
040 _aUA-OsUOA
_bukr
_cUA-OsUOA
_dUA-OsUOA
245 _aРезюме як різновид документів із кадрово-контрактових питань. Матеріал до теми "Ділові папери". 11-й клас
300 _aС.69
955 _a0
041 _aukr
080 _a81
773 0 _w73898
_tУкраїнська мова та література
_dК.
_d2011
_g11
650 7 _a8 Мовознавство. Художня література. Літературознавство
_2UDC
999 _c360187
_d360187